000 00336 a2200145 4500
020 _a3-937718-11-7
040 _aISPLB
082 _a72
_b72
100 _91176
_aDAAB
245 _aNew Loftspace Design
260 _aSpain,
_beditorial Project by loft Publications
_c2006.
300 _a189p
650 _aArquitectura
942 _cLivros
999 _c2348
_d2348